Vidieku svedčí autenticita

Bibliographic Details
Main Authors: Kalčíková, Zdenka (Author, Interviewer), Topoľský, Peter Justin, 1942-2020 (Author)
Format: Article
Language:Slovak
PhysicalDescription:Fotogr.
ISSN:1335-440X
Subjects:

MARC

LEADER 00000nab a2200000 ar4500
001 vtls008901710
003 SK-MaSNL
005 20260303071437.0
008 061221c20061103xo |||||||||||000 b|slo
015 |a SNBRB2006/12  |2 snkbucl 
038 |a SNKBUCL 
040 |a SNKBUCL  |b slo  |c SNKBUCL  |e AACR2 
041 0 |a slo 
044 |a xo  |c SK 
080 |a 78.071.2:784.66  |2 1997 
100 1 |a Kalčíková, Zdenka  |4 ivr  |4 aut  |9 901462 
245 1 0 |a Vidieku svedčí autenticita  |c Zdenka Kalčíková, Peter Justin Topoľský 
300 |b Fotogr. 
600 1 7 |a Topoľský, Peter Justin,  |d 1942-2020  |2 snkbucl  |9 205880 
700 1 |a Topoľský, Peter Justin,  |d 1942-2020  |4 ive  |4 aut  |9 205880 
773 0 |t Sme. Roľnícke noviny  |g Č. 253 (3.11.2006)  |x 1335-440X 
773 0 8 |i Príl.:  |t Roľnícke noviny  |g Č. 45 (3.11.2006), s. 13-14 
852 |a SNK  |b KIS3GCP 
958 |a SK 
999 |c 1759935  |d 1761865